| 000 | 00603nam a22001697a 4500 | ||
|---|---|---|---|
| 005 | 20231025101908.0 | ||
| 008 | 231025b |||||||| |||| 00| 0 eng d | ||
| 020 | _a0702121754 | ||
| 082 | _a347.1 JON | ||
| 100 |
_aErasmus, HJ and van Loggerenberg,DE _lEnglish |
||
| 245 |
_aJones and Buckle The Civil Practice of the Magistrates' Courts in South Africa / _cHJ Erasmus and DE van Loggerenberg |
||
| 250 | _aEighth Edition | ||
| 260 |
_aCape Town : _bJuta and Company, Ltd, _c1988 |
||
| 300 |
_bxciii, 455 pages ; _c26,2 cm. |
||
| 650 |
_aLegal Practice _bLaw |
||
| 942 |
_cBK _6ALISON_BN_VRIES |
||
| 999 |
_c49 _d49 |
||